<?xml version="1.0" encoding="UTF-8"?>
<record
    xmlns:xsi="http://www.w3.org/2001/XMLSchema-instance"
    xsi:schemaLocation="http://www.loc.gov/MARC21/slim http://www.loc.gov/standards/marcxml/schema/MARC21slim.xsd"
    xmlns="http://www.loc.gov/MARC21/slim">

  <leader>02637nam a2200349 a 4500</leader>
  <controlfield tag="001">78141</controlfield>
  <controlfield tag="003">BD-RjUL</controlfield>
  <controlfield tag="005">20211209083108.0</controlfield>
  <controlfield tag="008">210328b2002    bg a|||| m||| 00| 0 ben d</controlfield>
  <datafield tag="035" ind1=" " ind2=" ">
    <subfield code="a">(BD-RjUL)78367</subfield>
  </datafield>
  <datafield tag="040" ind1=" " ind2=" ">
    <subfield code="a">BD-RjUL</subfield>
    <subfield code="b">ben/eng</subfield>
    <subfield code="d">BD-RjUL</subfield>
  </datafield>
  <datafield tag="041" ind1=" " ind2=" ">
    <subfield code="a">ben</subfield>
  </datafield>
  <datafield tag="082" ind1=" " ind2=" ">
    <subfield code="2">23</subfield>
    <subfield code="a">332.1095492</subfield>
    <subfield code="b">KAR 2002</subfield>
  </datafield>
  <datafield tag="100" ind1=" " ind2=" ">
    <subfield code="a">&#x995;&#x9BE;&#x9A6;&#x9C7;&#x9B0;, &#x9AE;&#x9CB;&#x983; &#x986;&#x9AC;&#x9CD;&#x9A6;&#x9C1;&#x9B2;</subfield>
    <subfield code="9">246622</subfield>
  </datafield>
  <datafield tag="245" ind1="1" ind2="0">
    <subfield code="a">&#x9B0;&#x9BE;&#x99C;&#x9B6;&#x9BE;&#x9B9;&#x9C0; &#x99C;&#x9C7;&#x9B2;&#x9BE;&#x9B0; &#x986;&#x9B0;&#x9CD;&#x9A5;-&#x9B8;&#x9BE;&#x9AE;&#x9BE;&#x99C;&#x9BF;&#x995; &#x989;&#x9A8;&#x9CD;&#x9A8;&#x9AF;&#x9BC;&#x9A8;&#x9C7; &#x987;&#x9B8;&#x9B2;&#x9BE;&#x9AE;&#x9C0; &#x9AC;&#x9CD;&#x9AF;&#x9BE;&#x982;&#x995;&#x9C7;&#x9B0; &#x9AD;&#x9C2;&#x9AE;&#x9BF;&#x995;&#x9BE; :</subfield>
    <subfield code="b">&#x98F;&#x995;&#x99F;&#x9BF; &#x9B8;&#x9AE;&#x9C0;&#x995;&#x9CD;&#x9B7;&#x9BE; /</subfield>
    <subfield code="c"> &#x9AE;&#x9CB;&#x983; &#x986;&#x9AC;&#x9CD;&#x9A6;&#x9C1;&#x9B2; &#x995;&#x9BE;&#x9A6;&#x9C7;&#x9B0; ;</subfield>
    <subfield code="6">&#x9A4;&#x9A4;&#x9CD;&#x9A4;&#x9CD;&#x9AC;&#x9BE;&#x9AC;&#x9A7;&#x9BE;&#x9AF;&#x9BC;&#x995; : &#x9AE;&#x9C1;&#x9B9;&#x9BE;&#x9AE;&#x9CD;&#x9AE;&#x9A6; &#x9B6;&#x9AB;&#x9BF;&#x995;&#x9C1;&#x9B2;&#x9CD;&#x9B2;&#x9BE;&#x9B9; , &#x9AE;&#x9CB;&#x983; &#x986;&#x9AC;&#x9A6;&#x9C1;&#x9B2; &#x995;&#x9BE;&#x987;&#x9AF;&#x9BC;&#x9C2;&#x9AE;</subfield>
  </datafield>
  <datafield tag="260" ind1=" " ind2=" ">
    <subfield code="a">&#x9B0;&#x9BE;&#x99C;&#x9B6;&#x9BE;&#x9B9;&#x9C0; :</subfield>
    <subfield code="b">&#x987;&#x9B8;&#x9B2;&#x9BE;&#x9AE;&#x9BF;&#x995; &#x9B8;&#x9CD;&#x99F;&#x9BE;&#x9A1;&#x9BF;&#x99C; &#x9AC;&#x9BF;&#x9AD;&#x9BE;&#x997;, &#x9B0;&#x9BE;&#x99C;&#x9B6;&#x9BE;&#x9B9;&#x9C0; &#x9AC;&#x9BF;&#x9B6;&#x9CD;&#x9AC;&#x9AC;&#x9BF;&#x9A6;&#x9CD;&#x9AF;&#x9BE;&#x9B2;&#x9AF;&#x9BC;,</subfield>
    <subfield code="c">&#x9E8;&#x9E6;&#x9E6;&#x9E8;</subfield>
  </datafield>
  <datafield tag="300" ind1=" " ind2=" ">
    <subfield code="a">[&#x9E8;], &#x985;-&#x989;, &#x9E8;&#x9E6;&#x9EA; &#x9AA;&#x9BE;&#x9A4;&#x9BE; :</subfield>
    <subfield code="b">&#x99A;&#x9BF;&#x9A4;&#x9CD;&#x9B0; ;</subfield>
    <subfield code="c">&#x9E8;&#x9EF; &#x9B8;&#x9C7;&#x9AE;&#x9BF;.</subfield>
  </datafield>
  <datafield tag="502" ind1=" " ind2=" ">
    <subfield code="a">&#x9A5;&#x9BF;&#x9B8;&#x9BF;&#x9B8; (&#x98F;&#x9AE;. &#x9AB;&#x9BF;&#x9B2;.) -- &#x987;&#x9B8;&#x9B2;&#x9BE;&#x9AE;&#x9BF;&#x995; &#x9B8;&#x9CD;&#x99F;&#x9BE;&#x9A1;&#x9BF;&#x99C; &#x9AC;&#x9BF;&#x9AD;&#x9BE;&#x997;, &#x9B0;&#x9BE;&#x99C;&#x9B6;&#x9BE;&#x9B9;&#x9C0; &#x9AC;&#x9BF;&#x9B6;&#x9CD;&#x9AC;&#x9AC;&#x9BF;&#x9A6;&#x9CD;&#x9AF;&#x9BE;&#x9B2;&#x9AF;&#x9BC;, &#x9E8;&#x9E6;&#x9E6;&#x9E8;</subfield>
  </datafield>
  <datafield tag="504" ind1=" " ind2=" ">
    <subfield code="a">&#x997;&#x9CD;&#x9B0;&#x9A8;&#x9CD;&#x9A5;&#x9AA;&#x99E;&#x9CD;&#x99C;&#x9C0; : &#x9AA;&#x9BE;&#x9A4;&#x9BE; [&#x9E7;&#x9EF;&#x9EC;]-&#x9E7;&#x9EF;&#x9EF;</subfield>
  </datafield>
  <datafield tag="600" ind1=" " ind2=" ">
    <subfield code="a">	</subfield>
    <subfield code="c">	</subfield>
    <subfield code="9">246703</subfield>
  </datafield>
  <datafield tag="650" ind1=" " ind2=" ">
    <subfield code="a">&#x9AC;&#x9CD;&#x9AF;&#x9BE;&#x982;&#x995; &#x98F;&#x9AC;&#x982; &#x9AC;&#x9CD;&#x9AF;&#x9BE;&#x982;&#x995;&#x9BF;&#x982; </subfield>
    <subfield code="z">&#x9AC;&#x9BE;&#x982;&#x9B2;&#x9BE;&#x9A6;&#x9C7;&#x9B6; </subfield>
    <subfield code="x">&#x9A7;&#x9B0;&#x9CD;&#x9AE;&#x9C0;&#x9AF;&#x9BC; &#x9A6;&#x9BF;&#x995;</subfield>
    <subfield code="x">&#x987;&#x9B8;&#x9B2;&#x9BE;&#x9AE;</subfield>
    <subfield code="9">246658</subfield>
  </datafield>
  <datafield tag="650" ind1=" " ind2=" ">
    <subfield code="a">Banks and banking </subfield>
    <subfield code="z">Bangladesh </subfield>
    <subfield code="x">Religious aspects </subfield>
    <subfield code="x">Islam</subfield>
    <subfield code="9">246659</subfield>
  </datafield>
  <datafield tag="650" ind1=" " ind2=" ">
    <subfield code="a">&#x987;&#x9B8;&#x9B2;&#x9BE;&#x9AE;&#x9C0; &#x9AC;&#x9CD;&#x9AF;&#x9BE;&#x982;&#x995; &#x9AC;&#x9BE;&#x982;&#x9B2;&#x9BE;&#x9A6;&#x9C7;&#x9B6;</subfield>
    <subfield code="x">&#x995;&#x9BE;&#x9B0;&#x9CD;&#x9AF;&#x995;&#x9CD;&#x9B0;&#x9AE;</subfield>
    <subfield code="x">&#x9AC;&#x9BE;&#x982;&#x9B2;&#x9BE;&#x9A6;&#x9C7;&#x9B6;</subfield>
    <subfield code="z">&#x9B0;&#x9BE;&#x99C;&#x9B6;&#x9BE;&#x9B9;&#x9C0; &#x99C;&#x9C7;&#x9B2;&#x9BE;</subfield>
    <subfield code="9">246660</subfield>
  </datafield>
  <datafield tag="650" ind1=" " ind2=" ">
    <subfield code="a">Islami Bank Bangladesh</subfield>
    <subfield code="x">Activities</subfield>
    <subfield code="x">Bangladesh</subfield>
    <subfield code="z">Rajshahi District</subfield>
    <subfield code="9">246661</subfield>
  </datafield>
  <datafield tag="650" ind1=" " ind2=" ">
    <subfield code="a">&#x985;&#x9B0;&#x9CD;&#x9A5;&#x9A8;&#x9C8;&#x9A4;&#x9BF;&#x995; &#x989;&#x9A8;&#x9CD;&#x9A8;&#x9AF;&#x9BC;&#x9A8; </subfield>
    <subfield code="x">&#x9B8;&#x9BE;&#x9AE;&#x9BE;&#x99C;&#x9BF;&#x995; &#x9A6;&#x9BF;&#x995; </subfield>
    <subfield code="z">&#x9AC;&#x9BE;&#x982;&#x9B2;&#x9BE;&#x9A6;&#x9C7;&#x9B6;</subfield>
    <subfield code="z">&#x9B0;&#x9BE;&#x99C;&#x9B6;&#x9BE;&#x9B9;&#x9C0; &#x99C;&#x9C7;&#x9B2;&#x9BE;</subfield>
    <subfield code="9">246694</subfield>
  </datafield>
  <datafield tag="650" ind1=" " ind2=" ">
    <subfield code="a">Economic development </subfield>
    <subfield code="x">Social aspects </subfield>
    <subfield code="z">Bangladesh</subfield>
    <subfield code="z">Rajshahi District</subfield>
    <subfield code="9">246695</subfield>
  </datafield>
  <datafield tag="650" ind1=" " ind2=" ">
    <subfield code="a">&#x985;&#x9B0;&#x9CD;&#x9A5;&#x9A8;&#x9C8;&#x9A4;&#x9BF;&#x995; &#x989;&#x9A8;&#x9CD;&#x9A8;&#x9AF;&#x9BC;&#x9A8; </subfield>
    <subfield code="x">&#x9A7;&#x9B0;&#x9CD;&#x9AE;&#x9C0;&#x9AF;&#x9BC; &#x9A6;&#x9BF;&#x995; </subfield>
    <subfield code="x">&#x987;&#x9B8;&#x9B2;&#x9BE;&#x9AE;</subfield>
    <subfield code="9">246696</subfield>
  </datafield>
  <datafield tag="650" ind1=" " ind2=" ">
    <subfield code="a">Economic development </subfield>
    <subfield code="x">Religious aspects </subfield>
    <subfield code="x">Islam</subfield>
    <subfield code="9">246697</subfield>
  </datafield>
  <datafield tag="700" ind1=" " ind2=" ">
    <subfield code="a">&#x9B6;&#x9AB;&#x9BF;&#x995;&#x9C1;&#x9B2;&#x9CD;&#x9B2;&#x9BE;&#x9B9;, &#x9AE;&#x9C1;&#x9B9;&#x9BE;&#x9AE;&#x9CD;&#x9AE;&#x9A6;, &#x9A4;&#x9A4;&#x9CD;&#x9A4;&#x9CD;&#x9AC;&#x9BE;&#x9AC;&#x9A7;&#x9BE;&#x9AF;&#x9BC;&#x995;  </subfield>
    <subfield code="9">124762</subfield>
  </datafield>
  <datafield tag="700" ind1=" " ind2=" ">
    <subfield code="a">&#x995;&#x9BE;&#x987;&#x9AF;&#x9BC;&#x9C2;&#x9AE;, &#x9AE;&#x9CB;. &#x986;&#x9AC;&#x9A6;&#x9C1;&#x9B2;, &#x9AF;&#x9C1;&#x997;&#x9CD;&#x9AE; &#x9A4;&#x9A4;&#x9CD;&#x9A4;&#x9CD;&#x9AC;&#x9BE;&#x9AC;&#x9A7;&#x9BE;&#x9AF;&#x9BC;&#x995;  </subfield>
    <subfield code="9">246625</subfield>
  </datafield>
  <datafield tag="942" ind1=" " ind2=" ">
    <subfield code="2">ddc</subfield>
    <subfield code="c">THE</subfield>
  </datafield>
  <datafield tag="999" ind1=" " ind2=" ">
    <subfield code="c">78141</subfield>
    <subfield code="d">78141</subfield>
  </datafield>
  <datafield tag="952" ind1=" " ind2=" ">
    <subfield code="0">0</subfield>
    <subfield code="1">0</subfield>
    <subfield code="2">ddc</subfield>
    <subfield code="4">0</subfield>
    <subfield code="7">1</subfield>
    <subfield code="8">THESES</subfield>
    <subfield code="a">RUCL</subfield>
    <subfield code="b">RUCL</subfield>
    <subfield code="c">Doc/The</subfield>
    <subfield code="d">2003-06-22</subfield>
    <subfield code="e">Controller of Exam., R.U.</subfield>
    <subfield code="l">0</subfield>
    <subfield code="o">BTHE 332.10954924 KAR 2002</subfield>
    <subfield code="r">2021-03-28 00:00:00</subfield>
    <subfield code="t">C-1</subfield>
    <subfield code="w">2021-12-09</subfield>
    <subfield code="y">THE</subfield>
  </datafield>
</record>
